000 01989nam a2200373 c 4500
003 BLK
005 20240405005707.0
008 180412b bul|||||r ||||||| ||bul||
010 _aKNG00016281000
020 _a954-8091-58-7
_bиздат.: Бяло братство
040 _aBLK
041 _aBUL
_cBUL
080 _aФилософски мистицизъм. Ранни езотерични школи. Кабала. Теософия. Антропософия. Суфизъм. Еклектизъм. Синкретизъм. Херметизъм. Розенкройцерство. Др. школи
_b141.33
_x
_z141.33
080 _aРелигия и наука. Теология и философия. Знание и вяра. Конфликт между църквата и науката Вж и 001;1;291. 1;234; 239
_b215
_x
_z215
100 _aДънов, Петър Константинов
_cБеинса Дуно ; Учителя Беинса Дуно
_d1864-1944
_gФилософ, създава Школата на Всемирното Бяло братство в България
_eпърви автор
_9363384
139 _aДънов, Петър Константинов
_bД 95
245 1 0 _aСеятеля
_b[Беседи] 13-27, 1932-1933 г.
_cПетър Константинов Дънов.
250 _a2. изд
257 _aBGR
260 София
_bБяло братство
_c1996
300 _a247 с.
_c20 см
380 _a1
490 1 _aУтринни слова
_vГ. III, т.
500 _aДеп. списък: 7 1. изд. 1950 изд. на печ. Житно зърно ; 300 тир
650 4 _aДъновизъм
_9153927
650 4 _aОкултни учения
_9243389
650 4 _aЗнание и вяра
_9156099
852 _aЦб 191799
856 4 _qpdf
_u
856 4 _qpdf
_u
942 _cKNG
_n0
944 _aCR
_c15.01.2003
_k
_lCRON CRON
944 _aED
_c16.12.2016
_kСилвестър_Спасов
999 _c14567
_d14567